Harry Hill's whopping great joke book / (Record no. 7421)
[ view plain ]
| 000 -LEADER | |
|---|---|
| fixed length control field | 01084nam a22002897a 4500 |
| 001 - CONTROL NUMBER | |
| control field | 7421 |
| 003 - CONTROL NUMBER IDENTIFIER | |
| control field | FISKH |
| 005 - DATE AND TIME OF LATEST TRANSACTION | |
| control field | 20250714151752.0 |
| 008 - FIXED-LENGTH DATA ELEMENTS--GENERAL INFORMATION | |
| fixed length control field | 250714b cb ||||| |||| 00| 0 eng d |
| 020 ## - INTERNATIONAL STANDARD BOOK NUMBER | |
| International Standard Book Number | 9780571241811 |
| 040 ## - CATALOGING SOURCE | |
| Original cataloging agency | FISKH |
| Language of cataloging | eng |
| Transcribing agency | FISKH |
| Modifying agency | FISKH |
| 050 ## - LIBRARY OF CONGRESS CALL NUMBER | |
| Classification number | PZ7 |
| 082 ## - DEWEY DECIMAL CLASSIFICATION NUMBER | |
| Classification number | 828.9202 |
| 100 ## - MAIN ENTRY--PERSONAL NAME | |
| Personal name | Hill, Harry |
| 245 ## - TITLE STATEMENT | |
| Title | Harry Hill's whopping great joke book / |
| Statement of responsibility, etc. | By Harry Hill |
| 250 ## - EDITION STATEMENT | |
| Edition statement | First published in 2008 |
| 260 ## - PUBLICATION, DISTRIBUTION, ETC. | |
| Place of publication, distribution, etc. | London : |
| Name of publisher, distributor, etc. | Faber and Faber Limited , |
| Date of publication, distribution, etc. | 2008. |
| 300 ## - PHYSICAL DESCRIPTION | |
| Extent | 401 pages : |
| Other physical details | illustrations ; |
| Dimensions | 18 cm . |
| 505 ## - FORMATTED CONTENTS NOTE | |
| Formatted contents note | R <br/> |
| 520 ## - SUMMARY, ETC. | |
| Summary, etc. | Britain's favourite comedian, Harry Hill, loves jokes so much that he has put together a side-splitting joke book for all the family. Containing Harry's favourite jokes picked from the world's joke archive, it also features jokes written by Harry, including some brand-new ones written specially for this book.<br/> |
| 521 8# - TARGET AUDIENCE NOTE | |
| Target audience note | 780 <br/> |
| Source | Lexile estimate <br/> |
| 521 8# - TARGET AUDIENCE NOTE | |
| Target audience note | R <br/> |
| Source | Raz-Plus <br/> |
| 650 ## - SUBJECT ADDED ENTRY--TOPICAL TERM | |
| Topical term or geographic name entry element | Comedian |
| Form subdivision | Fiction |
| 650 ## - SUBJECT ADDED ENTRY--TOPICAL TERM | |
| Topical term or geographic name entry element | Jokes |
| Form subdivision | Fiction |
| 942 ## - ADDED ENTRY ELEMENTS (KOHA) | |
| Source of classification or shelving scheme | Dewey Decimal Classification |
| Koha item type | Books |
| Suppress in OPAC | No |
| Withdrawn status | Lost status | Source of classification or shelving scheme | Damaged status | Not for loan | Collection | Home library | Current library | Shelving location | Date acquired | Total Checkouts | Full call number | Barcode | Date last seen | Date last checked out | Price effective from | Koha item type |
|---|---|---|---|---|---|---|---|---|---|---|---|---|---|---|---|---|
| Dewey Decimal Classification | Juvenile Fiction | Footprints International School Library Network Toul Tom Poung Campus | Footprints International School Library Network Toul Tom Poung Campus | TTP Primary Orange Bookshelves | 07/14/2025 | 1 | HIL PZ7 828.9202 | 2025-1852 | 10/22/2025 | 10/10/2025 | 07/14/2025 | Books |
